| 000 | 00519nam a2200181 4500 | ||
|---|---|---|---|
| 005 | 20251014145346.0 | ||
| 008 | 251014b |||||||| |||| 00| 0 eng d | ||
| 040 | _aMAIN | ||
| 082 |
_a020 _bN294B |
||
| 100 | _aNeeraj | ||
| 245 | _aBig data and librarianship: An explorative study | ||
| 260 |
_bDepartment of Library and Information Science, M D University, Rohtak _c2024 |
||
| 300 | _axvii, 317 | ||
| 650 | _aLibrary Science | ||
| 650 | _aBig Data-Librarianship | ||
| 700 | _aSwain, Nirmal Kumar | ||
| 942 | _cTH | ||
| 999 |
_c393583 _d393583 |
||